[Event "EICC 2017"]
[Site "Minsk"]
[Date "2017.06.10"]
[Round "11"]
[White "Kovalenko, Igor"]
[Black "Fridman, Daniel"]
[Result "0-1"]
[WhiteElo "2657"]
[BlackElo "2605"]
[Annotator "TA"]
[PlyCount "96"]
[EventDate "2017.??.??"]
[EventCountry "BLR"]
[SourceTitle "playchess.com"]
[Source "ChessBase"]
[SourceQuality "1"]

{[%evp 15,96,31,32,43,41,45,33,23,47,12,14,0,0,-40,-42,-49,-47,-47,-41,-52,-44,-62,-47,-24,11,11,12,-16,-12,-24,-12,-83,-91,-191,-163,-281,-290,-311,-274,-209,-213,-227,-106,-110,-106,-273,-284,-554,-545,-584,-571,-580,-566,-560,-557,-608,-600,-653,-489,-818,-818,-1885,-948,-802,0,-1764,-1717,-1448,-1410,-1509,-1348,-29963,-29956,-5214,-1398,-4927,-2133,-29969,-29970,-29989,-29990,-29993,-29994]} 1. e4 e5 2. Bc4 Nf6 3. d3 c6 4. Nf3 d5 5. Bb3 Bd6 6. exd5 Nxd5 {C24: Bishop's Opening: 2...Nf6} 7. O-O O-O 8. Re1 Bg4 {LiveBook: 13 Games. White is slightly better.} 9. h3 Bh5 10. g4 Bg6 11. Nxe5 a5 $146 ({Predecessor:} 11... Bxe5 12. Rxe5 Nd7 13. Re1 Qh4 14. Qf3 {0-1 (41) Alekseev,E (2639)-Shirov,A (2720) Germany 2007}) 12. Bd2 a4 13. Bxd5 cxd5 {[%cal Bc6d5,Bd5d4][%mdl 32]} 14. Nc3 Nc6 15. d4 Bxe5 16. dxe5 d4 17. Nb5 Qb6 {[%mdl 1024] Black has compensation.} 18. Na3 f6 $36 {[%mdl 2048] Black is pushing.} 19. e6 $1 Rae8 (19... Ne5 $5 {[%cal Rb6b2]} 20. Bf4 Qxe6 $11) 20. f4 $1 {[%cal Rf4f5] Black should prevent f5.} f5 21. g5 Re7 22. Qf3 Rfe8 23. Qd5 (23. Qd3 $11) 23... Qxb2 $17 24. Qc5 (24. Qf3 $17 {keeps fighting.} d3 25. Qxd3) 24... Rxe6 $19 25. Rab1 (25. Reb1 {was the only defense.} b6 26. Rxb2 bxc5 27. Rb6) 25... Rxe1+ 26. Bxe1 Qxa2 27. Bf2 Nd8 28. Qd6 {[#]} Qe6 (28... Ne6 $1 $19 {White must now prevent ...Rd8.} 29. Rxb7 {[#]} d3 $1 {[%mdl 512]} 30. cxd3 Qd2) 29. Qxd4 $17 Qc6 30. Rb6 $2 (30. Qc4+ $17 Qxc4 31. Nxc4) 30... Qf3 $19 31. Qxa4 $2 (31. Qd3 {was worth a try.} Qxf4 32. Qc4+ Qxc4 33. Nxc4) 31... Bf7 {Threatens to win with ...Re2.} 32. Rb3 Qd1+ 33. Kg2 Re4 34. Qb5 Bxb3 35. Qxb3+ Ne6 36. Qxb7 Nxf4+ 37. Kg3 (37. Kh2 $142 Qd8 38. Qb3+ Ne6 39. Qd3) 37... Qd8 38. h4 Nh5+ 39. Kh3 Nf4+ (39... Rg4 $142 40. Qf3 Rf4 41. Qb3+ Kh8) 40. Kg3 $1 Ne2+ 41. Kf3 Nd4+ 42. Kg2 Re7 43. Qa6 Qd5+ 44. Kh2 Re2 (44... Nf3+ $142 45. Kh3 Nd2 46. Qc8+ Kf7) 45. Qc8+ Kf7 46. Qc7+ Kg6 {Black mates.} 47. Qf4 Nf3+ 48. Kg3 Ne1 {Precision: White = 28%, Black = 69%.} 0-1

[Event "EICC 2017"]
[Site "Minsk"]
[Date "2017.06.10"]
[Round "11"]
[White "Berkes, Ferenc"]
[Black "Tomczak, Jacek"]
[Result "1-0"]
[WhiteElo "2654"]
[BlackElo "2615"]
[Annotator "TA"]
[PlyCount "135"]
[EventDate "2017.??.??"]
[EventCountry "BLR"]
[SourceTitle "playchess.com"]
[Source "ChessBase"]
[SourceQuality "1"]

{[%evp 18,135,13,12,6,1,8,8,13,18,20,12,15,12,17,0,17,27,22,14,58,31,25,18,53,33,35,35,41,0,0,0,0,0,0,-5,43,14,12,0,0,0,0,-16,0,0,0,0,0,0,0,0,0,0,85,0,0,0,84,92,93,0,0,0,0,0,0,0,0,0,0,0,20,20,20,20,13,13,29,13,13,13,13,13,13,20,20,20,28,28,12827,12818,12829,28,34,42,58,0,0,0,12845,0,0,0,0,0,0,0,0,0,29977,29978,29981,29979,29979,29980,12851,29980,12851,29982]} 1. d4 Nf6 2. c4 g6 3. Nc3 d5 4. e3 Bg7 5. cxd5 Nxd5 6. Nxd5 {D80: Grünfeld: Unusual White 4th moves and 4 Bg5} (6. Qb3 Nb6 7. Nf3 O-O 8. Be2 Be6 9. Qc2 Bf5 10. Qb3 Be6 11. Qc2 Bf5 12. Qb3 N8d7 13. e4 Be6 14. d5 Bg4 15. O-O c6 16. dxc6 bxc6 {½-½ (40) Papaioannou,I (2638)-Giri,A (2778) Reykjavik 2015}) 6... Qxd5 7. Ne2 O-O 8. Nc3 Qd6 9. Be2 c6 10. O-O {LiveBook: 18 Games} Rd8 11. Qc2 e5 12. dxe5 Qxe5 13. e4 Qe7 $146 14. Be3 Be6 15. Rad1 Nd7 16. b3 b5 17. Nb1 {[%cal Bc3b1,Bb1d2,Bd2f3,Bf3g5][%mdl 32]} Rdc8 18. Nd2 a6 19. Nf3 c5 20. Ng5 Bd4 21. Bxd4 ({Reject} 21. Nxe6 Bxe3 22. fxe3 Qxe6 $11) 21... cxd4 22. Qd2 Nc5 23. h4 Rd8 24. h5 Rac8 25. hxg6 hxg6 26. Rfe1 {[%cal Bf1e1,Be1e3,Be3g3][%mdl 32]} f6 27. Nxe6 Nxe6 28. Bg4 Kg7 29. Qb2 d3 30. Rd2 Rc6 31. Re3 Nc5 32. e5 {[%cal Be4e5,Be5e6][%mdl 32]} f5 {[#]} 33. Bxf5 $1 {[%mdl 512]} gxf5 34. e6+ $1 Kg6 35. Rg3+ Kh6 (35... Kh7 $11 {keeps the balance.} 36. Qe5 Rxe6 37. Qxf5+ Kh8 38. Rh3+ Kg8) 36. Rh3+ Kg6 37. Rg3+ Kh6 {[#]} 38. Qe5 $1 {[%cal Re5f5]} Nxe6 39. Qxf5 (39. Rdxd3 $16 Rxd3 40. Qh8+ Qh7 41. Qf6+ Kh5 42. Rxd3 Rc1+ 43. Kh2) 39... Ng5 $11 {White must now prevent ...Rc5.} 40. f4 $1 {[%cal Rf4g5]} Rc5 41. fxg5+ Kg7 42. Qf6+ Qxf6 43. gxf6+ Kxf6 44. Rgxd3 {[%mdl 4096] Endgame KRR-KRR} Rc1+ 45. Kh2 Rxd3 46. Rxd3 {And now Rd6+ would win. KR-KR} Ke5 47. Re3+ Kf5 48. Rf3+ Kg5 49. Kg3 Rc2 50. a3 a5 51. Rd3 a4 52. b4 Rc4 53. Kf3 Rf4+ $2 {[%mdl 8192]} (53... Kf6 $11) 54. Ke3 $18 Rg4 55. g3 $2 (55. Rd5+ $18 Kf6 56. Kf3 (56. Rxb5 Rxg2 57. Kf4 Rf2+ 58. Kg4 Rg2+ 59. Kf4 Ra2 $16)) 55... Rc4 56. Rd5+ Kf6 $1 57. Rxb5 (57. Rc5 $14 Rg4 58. Kf3 (58. Rxb5 Rxg3+ 59. Kd4 Rxa3 $11)) 57... Rc3+ $11 58. Kd4 Rxg3 $2 {[%mdl 8192] [#]} (58... Rxa3 $11 59. g4 Rg3) 59. Ra5 $2 (59. Re5 $1 $18 {[%cal Re5e3] Strongly threatening Re3.} Rxa3 60. Re1) 59... Rxa3 60. Kc5 (60. b5 $5 {[%cal Rb5b6]} Ke7 61. Kc5 $14) 60... Ke6 61. b5 {Ra7 is the strong threat.} Rc3+ 62. Kb6 $2 {[%mdl 8192]} (62. Kb4 $11 Rc8 63. Rxa4) 62... a3 63. Ka7 Rb3 $2 {[%mdl 8192]} (63... Kd5 $11) 64. b6 Kd6 65. b7 Kc7 66. Rc5+ Kd6 67. Rc1 Kd5 68. b8=Q {Precision: White = 55%, Black = 53%.} 1-0

[Event "EICC 2017"]
[Site "Minsk"]
[Date "2017.06.10"]
[Round "11"]
[White "Jones, Gawain C B"]
[Black "Ter-Sahakyan, Samvel"]
[Result "1/2-1/2"]
[WhiteElo "2654"]
[BlackElo "2598"]
[Annotator "TA"]
[PlyCount "99"]
[EventDate "2017.??.??"]
[EventCountry "BLR"]
[SourceTitle "playchess.com"]
[Source "ChessBase"]
[SourceQuality "1"]

{[%evp 13,99,31,28,26,30,18,11,17,27,39,22,30,23,31,20,22,42,18,10,14,12,18,8,10,12,12,24,19,77,47,93,62,78,12,24,29,182,185,203,154,177,115,120,114,89,115,127,110,264,24,429,0,0,0,0,0,0,-8,-8,-8,-9,-12,0,0,0,0,0,0,0,0,0,0,0,0,0,0,0,0,0,0,0,0,0,0,0,0,0,0]} 1. e4 c5 2. Nf3 d6 3. Bb5+ Nd7 4. a4 Ngf6 5. Nc3 g6 6. a5 {B51: Sicilian: Moscow Variation (3 Bb5+) without 3...Bd7} Bg7 7. O-O O-O {LiveBook: 4 Games} (7... a6 8. Bc4 O-O 9. d3 Nb8 10. Nd5 Nc6 11. Nb6 Rb8 12. Bd2 Bg4 13. h3 Bxf3 14. Qxf3 {0-1 (46) Carlsen,M (2855)-Topalov,V (2761) Paris 2016}) 8. Re1 {White has an edge.} a6 9. Bc4 Ng4 10. d4 cxd4 11. Nxd4 Nde5 12. Bb3 $146 ({Predecessor:} 12. Bf1 Nc6 13. Nxc6 bxc6 {0-1 (59) Mammadova,G (2359)-Safarli,E (2668) Nakhchivan 2017}) 12... Nc6 13. Nxc6 bxc6 14. Bg5 h6 15. Bh4 g5 16. Bg3 Ne5 17. h4 gxh4 18. Bxh4 Kh7 19. Bg3 Ng6 20. Ra4 e5 (20... Rb8 $11 {remains equal.}) 21. Rb4 $36 {[%mdl 2048] White has the initiative.} (21. Rc4 $5 {[%cal Rc4c6]}) 21... Qg5 $1 22. Rb6 h5 23. Rxc6 (23. Ba4 $1 $16) 23... h4 $11 24. Bh2 {Kh1 is the strong threat.} Bg4 $2 (24... Nf4 $1 $11 {and Black stays safe.} 25. Bxf4 exf4) 25. f3 $1 $18 {[%cal Rf3g4]} (25. Qxd6 Bf3 $17) 25... Be6 26. Rxd6 (26. Qxd6 $2 Bh3 $19) 26... Rad8 {[#]} 27. Bxe6 (27. Kh1 $1 $18) 27... fxe6 $16 28. Kh1 Rxd6 29. Qxd6 h3 {[%csl Gh3][%cal Rg5g2]} 30. Rg1 ({Much worse is} 30. gxh3 $6 Qh5 $14) 30... Qh5 $2 (30... Qf6 $16) 31. Qxe6 $2 (31. g4 $18 Qg5 32. Qxa6) 31... Rxf3 $2 {[%mdl 8192] [#]} (31... hxg2+ $1 $11 32. Rxg2 Rxf3) 32. gxh3 $2 (32. g4 $1 $18 {[%cal Rg4h5]} Qg5 33. Qxa6) 32... Rxh3 $11 {[%csl Gh5][%cal Rh3h2] The position is equal.} 33. Qxg6+ Qxg6 34. Rxg6 Kxg6 $18 {[%mdl 4096] Endgame KRB-KBN} 35. Nd5 (35. Kg2 $5 {[%cal Rg2h3]} Rh8 36. Nd5 $11) 35... Rh4 36. Nc3 $1 Bh6 37. Kg2 Bf4 (37... Bd2 $5 {[%cal Rd2c3]} 38. Bxe5 Bxc3 39. Bxc3 Rxe4 $11) 38. Bxf4 exf4 $11 {KR-KN} 39. Nd5 Kg5 40. b4 Rh6 41. Kf3 $1 Rh3+ 42. Kg2 Kg4 {White must now prevent ...f3+.} 43. Nf6+ Kh4 44. c4 f3+ 45. Kf2 Kg5 46. e5 $1 ({Not} 46. Nd5 $2 Kg4 $19) 46... Kf5 47. Ke3 $1 Kxe5 48. Nd7+ Kd6 (48... Kf5 $5 {[%cal Rh3h7]} 49. b5 axb5 50. cxb5 Ke6 $11) 49. Nc5 Rh4 50. Kxf3 {Precision: White = 67%, Black = 49%.} 1/2-1/2

[Event "EICC 2017"]
[Site "Minsk"]
[Date "2017.06.10"]
[Round "11"]
[White "Kravtsiv, Martyn"]
[Black "Mikaelyan, Arman"]
[Result "1-0"]
[WhiteElo "2653"]
[BlackElo "2444"]
[Annotator "TA"]
[PlyCount "97"]
[EventDate "2017.??.??"]
[EventCountry "BLR"]
[SourceTitle "playchess.com"]
[Source "ChessBase"]
[SourceQuality "1"]

{[%evp 23,97,72,87,48,57,64,60,51,58,56,60,61,71,67,78,83,91,68,93,95,106,98,100,84,198,189,227,227,237,162,162,152,165,145,271,251,261,260,256,250,445,367,398,443,411,374,503,487,484,456,815,832,1110,1055,1110,1100,1093,1086,1057,1033,972,949,1339,1344,1955,1885,1875,1614,12838,12838,12838,12838,5453,5109,29992,29993]} 1. e4 {[%cal Be2e4,Be4e5][%mdl 32]} Nf6 2. e5 Nd5 3. d4 d6 4. c4 Nb6 5. exd6 exd6 6. Nc3 Be7 7. Nf3 O-O 8. Bd3 {B03: Alekhine's Defence: Four Pawns Attack} Bg4 9. O-O Nc6 10. h3 Bh5 11. Be3 Bf6 12. g4 Bg6 {LiveBook: 4 Games} 13. g5 Be7 14. Bxg6 hxg6 15. d5 {[#]} Ne5 $146 16. Nxe5 dxe5 17. Qg4 Qd7 {Threatening ...Qxg4+.} 18. b3 $1 Qxg4+ 19. hxg4 Nd7 20. Rad1 Bd6 21. Kg2 f5 22. gxf6 $1 gxf6 23. Rh1 b6 (23... Rf7 $16) 24. Rh3 $18 f5 {[#]} 25. Rdh1 $1 f4 26. Bc1 Nf6 27. Kf3 Kg7 28. Ne4 Nxe4 (28... Rf7 $16 29. Rh6 Nxe4 30. Kxe4 Kf6) 29. Kxe4 Kf6 30. Rh7 a5 31. Bd2 Rab8 $2 (31... Rac8 {might work better.} 32. Bc3 Rfe8) 32. f3 Rg8 33. Bc3 Rbe8 34. R1h2 Rg7 {[#]} 35. g5+ $1 {[%mdl 512]} Kf7 (35... Kxg5 36. Rxg7) 36. Rh8 Ke7 (36... Re7 $142 37. R2h7 Rxh7 38. Rxh7+ Ke8 39. Rxe7+ Bxe7 40. Bxe5 Kd7 41. Kxf4 c6) 37. Bxe5 Bxe5 {[#]} 38. Rxe8+ $1 ({Weaker is} 38. Kxe5 Rxh8 39. Rxh8 Rf7 $16) 38... Kxe8 39. Kxe5 {[%mdl 4096] Endgame KR-KR} Ke7 40. Rh4 Rf7 41. Rxf4 Rh7 42. Rf6 Rh2 43. Rxg6 Re2+ 44. Kf5 Rxa2 45. Re6+ Kd7 46. g6 Rg2 47. Kf6 Rg3 48. Re3 Rxf3+ 49. Rxf3 {Precision: White = 99%, Black = 34%.} 1-0

[Event "EICC 2017"]
[Site "Minsk"]
[Date "2017.06.10"]
[Round "11"]
[White "Sargissian, Gabriel"]
[Black "Azarov, Sergei"]
[Result "1-0"]
[WhiteElo "2650"]
[BlackElo "2582"]
[Annotator "TA"]
[PlyCount "103"]
[EventDate "2017.??.??"]
[EventCountry "BLR"]
[SourceTitle "playchess.com"]
[Source "ChessBase"]
[SourceQuality "1"]

{[%evp 24,103,2,18,45,58,74,0,81,61,67,-153,39,43,59,1,26,0,95,89,87,76,79,94,64,86,93,95,90,100,120,103,113,113,105,103,103,91,70,39,46,57,71,69,102,94,86,95,101,106,111,94,156,160,162,165,189,180,184,173,186,126,217,200,208,183,190,130,255,241,408,391,360,283,243,159,502,495,685,504,1142,1135]} 1. d4 d5 2. c4 e6 3. Nc3 Be7 4. cxd5 exd5 5. Bf4 c6 6. e3 Bf5 7. g4 Be6 8. h4 Nd7 9. g5 {D31: Queen's Gambit Declined: Semi-Slav without ...Nf6 (+ Marshall Gambit and Noteboom) and Exchange Variation lines without ...Nf6} h6 10. g6 Ngf6 (10... fxg6 11. Bd3 Nf8 12. Nf3 Bg4 13. Rg1 Nf6 14. Rg3 g5 15. hxg5 hxg5 16. Bxg5 Rh1+ {½-½ (45) So,W (2822)-Akobian,V (2645) Saint Louis 2017}) 11. gxf7+ Bxf7 12. Bd3 Nh5 13. Bh2 {[#] LiveBook: 3 Games} Qb6 $146 ({Predecessor:} 13... O-O 14. Qg4 Ndf6 15. Qg2 Be6 16. Nge2 Ng4 {½-½ (24) Gleichmann,M (2528)-Efendiyev,E (2530) ICCF email 2012}) 14. Qc2 O-O 15. Nf3 (15. Bf5 $16 Rad8 16. O-O-O) 15... Be8 (15... Be6 $11 16. Ne5 Nxe5 17. Bxe5 Nf6) 16. Be2 Ndf6 17. Ng5 $2 (17. Rg1 $14 {keeps the upper hand.}) 17... Bb4 $2 (17... hxg5 $17 18. hxg5 Ne4 19. Nxe4 Bg6) 18. Ne6 $14 Rf7 19. Rg1 (19. O-O-O $14) 19... Qa5 (19... Re7 $5 {[%cal Re7e6]} 20. Nf4 Nxf4 21. Bxf4 c5 $11) 20. Be5 (20. a3 $5 {[%cal Ra3b4]} Re7 21. axb4 Qxa1+ 22. Kd2 Qxg1 23. Bxg1 Rxe6 24. Bd3 $14) 20... Bd7 (20... Re7 $11 {keeps the balance.} 21. Nxg7 Bxc3+ 22. bxc3 Rxg7 23. Rxg7+ Kxg7) 21. Nc5 $1 $36 {[%cal Rc5b3][%mdl 2048] White has strong initiative.} Bxc5 22. dxc5 Re8 23. Bd4 {aiming for a3.} b6 24. Qa4 Qxa4 25. Nxa4 b5 26. Nc3 {[%cal Ba4c3,Bc3b1,Bb1d2,Bd2f3,Bf3e5][%mdl 32]} b4 27. Nb1 $1 Re4 28. Nd2 Rxh4 29. Nf3 $1 {[%cal Rf3h4]} Rg4 30. Rh1 {Ne5 is the strong threat.} Re7 31. Ne5 Rxd4 $1 32. exd4 Nf4 33. f3 Be8 34. Kf2 Ne6 35. Rhd1 a5 36. a3 b3 37. a4 Nxd4 (37... Nxc5 $142 38. Ra3 Ne6) 38. Rxd4 {Hoping for f4.} Rxe5 39. Ra3 $1 Nd7 40. Rxb3 Nxc5 {[#]} 41. Rb8 $1 Kf7 42. Ra8 (42. b4 $18 Nb3 43. Rb7+ Kg8 44. Rg4) 42... Rh5 (42... Re7 $16) 43. Rxa5 $18 Rh2+ {[#]} 44. Ke1 $1 Ne6 45. Rd2 (45. Ra7+ $18 Kf6 46. Rd2) 45... Kf6 (45... Ke7 $16) 46. Ra8 Bg6 $2 (46... Rh1+ 47. Kf2 Bd7) 47. a5 Rh1+ 48. Kf2 Ra1 49. b4 {[%cal Bb2b4,Bb4b5,Bb5b6][%mdl 32] Threatens to win with Rc8.} h5 $2 (49... Ke5 $16 {is tougher.} 50. Rc8 Kd6) 50. Rc8 {White is clearly winning.} c5 51. b5 h4 (51... Rxa5 $142 52. b6 c4) 52. b6 {Precision: White = 71%, Black = 34%.} 1-0

[Event "EICC 2017"]
[Site "Minsk"]
[Date "2017.06.10"]
[Round "11"]
[White "Sutovsky, Emil"]
[Black "Ponomariov, Ruslan"]
[Result "1/2-1/2"]
[WhiteElo "2646"]
[BlackElo "2712"]
[Annotator "TA"]
[PlyCount "84"]
[EventDate "2017.??.??"]
[EventCountry "BLR"]
[SourceTitle "playchess.com"]
[Source "ChessBase"]
[SourceQuality "1"]

{[%evp 22,84,30,27,21,22,18,48,40,8,8,8,8,8,8,8,8,8,8,8,8,8,8,8,8,0,8,8,8,8,14,7,6,0,0,0,0,0,0,0,0,0,0,0,0,0,0,0,0,0,0,0,0,0,0,0,0,1,1,0,1,0,3,0,2]} 1. e4 e5 2. Nf3 Nc6 3. Bb5 a6 4. Ba4 Nf6 5. O-O Be7 6. Re1 b5 7. Bb3 d6 8. c3 O-O 9. h3 Nb8 10. d4 Nbd7 11. Nbd2 c5 12. Bc2 {LiveBook: 6 Games. C95: Closed Ruy Lopez: Breyer Variation with 10 d4} (12. Nf1 Re8 13. Ng3 Bf8 14. Nf5 exd4 15. cxd4 Bb7 16. e5 dxe5 17. dxe5 Bxf3 18. Qxf3 Nxe5 19. Rxe5 Rxe5 {½-½ (37) Navara,D (2737)-Ponomariov,R (2709) Czech Republic 2017}) 12... cxd4 13. cxd4 {[#]} exd4 $146 ({Predecessor:} 13... Bb7 14. d5 Qc7 15. Nf1 Rfc8 16. Re2 a5 17. Be3 Nc5 18. Rc1 Qd7 19. Ng3 Bd8 {½-½ (47) Brkic,A (2584)-Schandorff,L (2515) Baku 2016}) 14. Nxd4 Bb7 15. Nf5 Re8 {The position is equal.} 16. Nb3 Bf8 {[%cal Rb7e4]} 17. Nxd6 Bxd6 18. Qxd6 Bxe4 19. Bxe4 Nxe4 20. Qd4 Ndc5 21. Qxd8 Raxd8 22. Nxc5 Nxc5 23. Rxe8+ Rxe8 $11 {[%mdl 4096] Endgame KRB-KRN} 24. Be3 Nd3 25. b3 f6 26. Rd1 Nb4 $1 27. a3 Nc2 28. Bc5 Re5 29. Rd8+ Kf7 30. Rd7+ Kg8 31. Rd8+ Kf7 32. Rd7+ Kg8 33. Rc7 Rd5 34. Rc8+ Kf7 35. Rc7+ Kg8 36. Rc6 a5 37. Bb6 Nd4 38. Rc8+ Kf7 39. Rc7+ Kg8 40. Rc8+ (40. Bxd4 $5 Rxd4 41. Rc5 $11) 40... Kf7 41. Rc7+ (41. Bxd4 $5 Rxd4 42. Rc7+ Kg6 43. Rc5 $11) 41... Kg8 42. Rc8+ Kf7 {Precision: White = 89%, Black = 98%.} 1/2-1/2

[Event "EICC 2017"]
[Site "Minsk"]
[Date "2017.06.10"]
[Round "11"]
[White "Shimanov, Aleksandr"]
[Black "Abasov, Nijat"]
[Result "1/2-1/2"]
[WhiteElo "2642"]
[BlackElo "2575"]
[Annotator "TA"]
[PlyCount "226"]
[EventDate "2017.??.??"]
[EventCountry "BLR"]
[SourceTitle "playchess.com"]
[Source "ChessBase"]
[SourceQuality "1"]

{[%evp 25,226,-34,-27,-31,-25,-35,-12,-22,0,0,0,0,0,0,0,0,0,0,0,0,0,0,0,0,0,0,19,0,0,0,0,0,27,-14,0,0,27,-21,0,0,19,0,0,-33,26,0,2,1,1,1,15,1,1,1,1,1,1,1,1,0,1,1,8,12,27,25,25,25,34,9,42,9,8,0,0,0,0,0,0,0,0,0,0,0,0,0,0,-28,0,0,24,26,60,0,10,8,11,0,0,0,0,0,0,0,0,-67,-10,-33,-15,-14,-15,-14,-7,0,0,0,0,0,0,0,0,0,0,0,0,0,0,0,13,8,8,8,8,8,8,8,8,8,8,8,8,0,0,-8,-8,-8,-8,-8,-8,-8,-8,-8,-8,-8,-8,-8,-8,-699,-8,-8,-8,-8,-8,-8,-8,-8,-8,-8,0,0,0,0,0,0,0,0,0,0,0,0,0,0,0,0,0,-8,0,-8,-8,-8,-8,-8,0,0,0,0,0,0,0,0,0,0,0]} 1. d4 d5 2. Bf4 Nf6 3. e3 e6 4. Nf3 c5 5. Nbd2 Nc6 6. c3 Bd6 7. Bg3 O-O 8. Bd3 b6 9. e4 {D02: 1 d4 d5 2 Nf3 sidelines, including 2...Nf6 3 g3 and 2...Nf6 3 Bf4} (9. Ne5 Bb7 10. O-O Qc7 11. f4 Ne7 12. Qb1 Qc8 13. Bh4 Nf5 14. Bxf5 exf5 15. Bxf6 gxf6 16. Nef3 Qe6 17. Re1 Ba6 18. Nh4 cxd4 19. exd4 {1-0 (28) Korobov,A (2692)-Dominguez Perez,L (2739) Doha 2016}) 9... Be7 {[%cal Bd6e7,Be7g5,Bg5h6][%mdl 32]} 10. e5 Nh5 11. Ng5 Bxg5 12. Qxh5 g6 13. Qe2 cxd4 {LiveBook: 3 Games} 14. h4 $1 {[%cal Rh4g5]} Bh6 15. h5 dxc3 16. bxc3 Qe7 $146 ({Predecessor:} 16... g5) 17. hxg6 Bxd2+ $1 18. Qxd2 fxg6 19. Bh4 Qg7 20. f4 Bb7 21. Bf6 Rxf6 22. exf6 Qxf6 23. O-O Rc8 24. Rac1 Na5 25. Rfe1 Rc7 26. Qe3 (26. f5 $5 gxf5 27. Qf4 $11) 26... Bc8 27. Qg3 Qg7 $1 (27... Rxc3 28. f5 $1 $16 {[%mdl 512]}) 28. Qh4 (28. Qg5 $5 {[%cal Rg5d8]} Qf8 29. g3 $11) 28... Qe7 29. Qh6 Qg7 30. Qg5 Qe7 31. Qg3 Qg7 32. Re5 Kf8 33. Qh4 Qe7 34. Rg5 Kg7 (34... Nb7 $15) 35. Re1 Qf6 $132 {[%mdl 2048] Black is not keeping still} 36. Re3 {[%cal Be1e3,Be3h3,Bh3h8][%mdl 32]} Rf7 $1 ({Avoid the trap} 36... Qxc3 $2 37. Rxg6+ $3 {[%mdl 512]} hxg6 38. Rh3 $18) ({Don't blunder} 36... Rxc3 $2 37. Rh3 $18) 37. Rh3 Kf8 $1 ({But not} 37... Kg8 $2 {[#]} 38. Bxg6 $1 {[%mdl 512]} Rg7 39. Bxh7+ Kf7 40. Rxg7+ Qxg7 41. Rg3 $18) 38. Bxg6 hxg6 39. Qh8+ Qxh8 40. Rxh8+ Kg7 41. Rxc8 Rxf4 $11 {[%mdl 4096] Endgame KRR-KRN} 42. Re5 Kf7 43. Re3 Nc4 44. Re1 e5 (44... Nd6 $5 {[%cal Rd6c8]} 45. Rc7+ Kf6 $11) 45. Rc7+ Ke6 46. Rxa7 e4 47. Rf1 g5 48. g3 Rg4 49. Kf2 e3+ 50. Kf3 Ne5+ 51. Kxe3 Rxg3+ 52. Kd2 Nc4+ 53. Ke2 Rxc3 54. Rg7 Rc2+ 55. Kd3 Rg2 56. Re1+ Kf6 57. Rg8 Kf5 58. Rf8+ Kg4 59. Re2 (59. Kd4 $14) 59... Rg1 60. Ref2 Kh4 61. Rh8+ Kg3 62. Rf5 Rd1+ 63. Ke2 Rd2+ 64. Ke1 g4 65. Rg8 ({White should play} 65. Rd8 $11) 65... Rd4 (65... Rd3 $1 $15) 66. Ke2 Re4+ 67. Kd3 Ne5+ 68. Kc2 $1 Nc6 69. Rf6 Rc4+ 70. Kd2 b5 71. Rg5 Rd4+ 72. Kc2 Rc4+ 73. Kd2 Rd4+ 74. Kc2 Rc4+ 75. Kb2 Nb4 {And now ...Nd3+ would win.} 76. Kb3 Rd4 77. Rff5 Re4 78. a3 Nc6 79. Rxd5 Nd4+ 80. Kc3 Ne2+ 81. Kd2 {aiming for Rde5.} Ng1 {next ...Nf3+ is good for Black.} 82. Kc2 Nf3 83. Rg8 Kf2 84. Rd7 g3 85. Rdg7 Re3 86. Kb2 Ne5 87. Rf8+ Ke2 88. Rfg8 Nc4+ 89. Kc1 Kf2 90. Rf8+ Kg2 91. Rf5 $2 {[%mdl 8192]} (91. Rg5 $11) 91... Rc3+ $2 (91... Re1+ $19 92. Kc2 Ne3+ 93. Kd2 Nxf5 94. Rxg3+ Nxg3 95. Kxe1 Ne4) 92. Kb1 {The position is equal.} Nxa3+ 93. Ka2 b4 94. Rb7 $1 Nc2 95. Kb2 Rc6 96. Re5 Na3 {Hoping for ...Nc4+.} 97. Kb3 Nc4 98. Rg5 Nd2+ 99. Kxb4 Ne4 100. Re5 Nf2 {...Nd3+ is the strong threat.} 101. Rg5 Rf6 102. Rg8 Kf3 103. Rc7 Rf4+ 104. Kb3 Ne4 105. Rc2 Rf7 106. Rg6 Rf5 107. Rg8 Rb5+ 108. Ka3 Ng5 109. Rf8+ Kg4 110. Rc4+ Kh3 111. Rh8+ Kg2 112. Rc2+ Kf3 113. Rf8+ Kg4 {Precision: White = 67%, Black = 57%.} 1/2-1/2

[Event "EICC 2017"]
[Site "Minsk"]
[Date "2017.06.10"]
[Round "11"]
[White "Solak, Dragan"]
[Black "Reshef, Omer"]
[Result "1-0"]
[WhiteElo "2641"]
[BlackElo "2459"]
[Annotator "TA"]
[PlyCount "67"]
[EventDate "2017.??.??"]
[EventCountry "BLR"]
[SourceTitle "playchess.com"]
[Source "ChessBase"]
[SourceQuality "1"]

{[%evp 27,67,17,31,0,29,0,98,90,104,47,48,60,55,56,62,40,103,104,104,104,146,130,201,213,210,205,207,188,197,198,248,247,242,229,380,371,420,411,560,538,537,534]} 1. d4 d5 2. c4 c6 3. Nf3 Nf6 4. Nc3 dxc4 5. a4 Bf5 6. Ne5 Nbd7 7. Nxc4 Qc7 8. g3 e5 9. dxe5 Nxe5 10. Bf4 Nfd7 11. Bg2 Be6 12. Nxe5 Nxe5 13. O-O {D17: Slav Defence: 5 a4 Bf5: Lines with 6 Nh4 and 6 Ne5} f6 14. Qc2 (14. a5 a6 15. Qc2 Rd8 16. Ne4 Rd5 17. Bd2 {½-½ (17) Vovk,Y (2596)-Balogh,C (2621) Slovakia 2017}) 14... Qa5 {LiveBook: 8 Games} 15. Ne4 {White is slightly better.} Bb4 16. Rfc1 Bd5 $146 (16... O-O-O $11) ({Predecessor:} 16... O-O 17. Nc5 Bxc5 18. Qxc5 Qxc5 19. Rxc5 Nd7 20. Rcc1 {½-½ (32) Johannessen,L (2416)-Karttunen,M (2468) Malmo 2001}) 17. Bxe5 $16 fxe5 18. Nc5 ({White should play} 18. Ng5 $16) 18... Bxc5 19. Qxc5 Qxc5 20. Rxc5 Rd8 21. e4 b6 (21... Bb3 $14) 22. Rc3 $36 {[%mdl 2048] White is in control.} ({Weaker is} 22. exd5 bxc5 23. dxc6 Ke7 $15) 22... Be6 23. Rxc6 Ke7 24. Rac1 Rd2 (24... Rhf8 $16 25. Bf1 Rd2) 25. Rc7+ $18 Rd7 26. R1c6 Rxc7 27. Rxc7+ {[%mdl 4096] Endgame KRB-KRB} Kf6 28. Rxa7 Rc8 {[#]} 29. Bf1 $1 Rc1 {[#] ( -> ...Bh3)} 30. Kg2 $1 Rb1 $2 (30... Bc4) 31. Rb7 Rxb2 {[#]} 32. a5 $1 {[%mdl 512]} Rb4 (32... bxa5 33. Rxb2) 33. Rxb6 Rxe4 34. Kf3 {Precision: White = 73%, Black = 44%.} 1-0

[Event "EICC 2017"]
[Site "Minsk"]
[Date "2017.06.10"]
[Round "11"]
[White "Ivanisevic, Ivan"]
[Black "Kryakvin, Dmitry"]
[Result "*"]
[WhiteElo "2638"]
[BlackElo "2560"]
[Annotator "TA"]
[PlyCount "31"]
[EventDate "2017.??.??"]
[EventCountry "BLR"]
[SourceTitle "playchess.com"]
[Source "ChessBase"]
[SourceQuality "1"]

{[%evp 14,18,0,0,0,-25,-9]} 1. e4 c5 2. Nf3 d6 3. c3 Nf6 4. g3 Nc6 5. d3 g6 6. Bg2 Bg7 7. O-O O-O 8. a3 Rb8 {A05: Réti Opening: 1 Nf3 Nf6} (8... e5 9. b4 b6 10. Re1 Bb7 11. Nbd2 Re8 12. Rb1 Qd7 13. Nc4 b5 14. Ne3 cxb4 15. axb4 a5 16. Nd5 Nxd5 17. exd5 {½-½ (28) Miroshnichenko,E (2628)-Heinemann,T (2479) Germany 2013}) 9. b4 b5 {Predecessor:} 10. bxc5 $146 dxc5 11. e5 Nd5 12. d4 c4 13. Nfd2 Bf5 14. Qf3 e6 15. Ne4 Bxe4 16. Qxe4 {½-½ (23) Fominykh,M (2163)-Dordzhieva,N (2123) Elista 2002} *